000 00787nam a2200217Ia 4500
003 OSt
005 20260601111119.0
008 160316s2013 xxu||||| |||| 00| 0 eng d
082 _a348.06 PRA
100 _aPrakash S.B.N.
245 _aReorientation programme for the officers of estate and legal department of life insurance corporation of India :
_breading material 22nd - 27th July 2013 /
_cS.B.N. Prakash
260 _aBangalore :
_bNational Law School of India University,
_c2013.
300 _a202 p. ;
_c26 cm.
650 _aAdministrative adjudication
650 _aLegal system
650 _aConsumer protection - LIC
650 _aWrit jurisdiction - high courts
650 _aLaw - ethics
856 _uhttps://dans.nls.ac.in/handle/123456789/2307
942 _2ddc
_cREP
999 _c36299
_d36299